000 01007nac a22002891i 4500
003 EG-ScBUE
005 20260331132500.0
008 100914t1979 enka f b 001 0 eng d
020 _a0070041709
040 _aEG-ScBUE
_beng
_erda
_cEG-ScBUE
_dEG-ScBUE
082 0 4 _a551.49
_bBEA
_222
100 1 _aBear, Jacob,
_eauthor.
_919052
245 1 0 _aHydraulics of Groundwater /
_cJacob Bear.
264 1 _aLondon ;
_aNew York :
_bMcGraw-Hill International Book Co.,
_c[1979]
264 4 _cc1979
300 _axiii, 567 pages :
_billustrations ;
_c24 cm.
336 _2rdacontent
_atext
_btxt
337 _aunmediated
_2rdamedia
_bn
338 _avolume
_bnc
_2rdacarrier
490 0 _aMcGraw-Hill Series in Water Resources and Environmental Engineering
504 _aIncludes bibliographical references and index.
650 7 _aGroundwater flow.
_2BUEsh
_919053
650 7 _aGroundwater.
_2BUEsh
_919054
650 7 _aHydrodynamics.
_2BUEsh
_919055
655 _vReading book
942 _cBB
_2ddc
999 _c994
_d994